Taylor Swift's lowest streamed songs from each album - Statistics

General Stats
  • This quiz has been taken 16 times
  • The average score is 9 of 16
Answer Stats
Album Streams Song Title % Correct
The Life Of a Showgirl 168,722,326 Honey
92%
Lover 160,818,312 It's Nice To Have A Friend
67%
1989 (Taylor's Version) 116,751,254 I Know Places (Taylor's Version)
58%
evermore 147,550,751 it's time to go
58%
The Tortured Poets Department 91,907,681 Robin
58%
Red (Taylor's Version) 57,463,777 Ronan (Taylor's Version)
58%
reputation 243,265,510 So It Goes...
58%
folklore 207,539,849 the lakes
58%
1989 119,785,656 This Love
58%
Red 25,268,042 Girl At Home
50%
Midnights 113,251,542 Karma (feat. Ice Spice)
50%
Fearless 15,671,092 SuperStar
50%
Taylor Swift 34,380,850 A Perfectly Good Heart
33%
Speak Now 28,102,578 Superman
33%
Speak Now (Taylor's Version) 56,891,524 Superman (Taylor's Version)
33%
Fearless (Taylor's Version) 47,826,856 Superstar (Taylor's Version)
33%
No matching quizzes found
Score Distribution
Percent of People with Each Score
Percentile by Number Answered
Your Score History
You have not taken this quiz